Mis memorias / (Record no. 164721)
[ view plain ]
| 000 -LEADER | |
|---|---|
| campo de control de longitud fija | 01044nam a2200253 i 4500 |
| 001 - NÚMERO DE CONTROL | |
| campo de control | 164721 |
| 003 - IDENTIFICADOR DE NÚMERO DE CONTROL | |
| campo de control | ES-MaACL |
| 005 - FECHA Y HORA DE LA ÚLTIMA TRANSACCIÓN | |
| campo de control | 20250731034210.0 |
| 008 - DATOS DE LONGITUD FIJA--INFORMACIÓN GENERAL | |
| campo de control de longitud fija | 980807m18871894sp |||| |aspa d |
| 080 ## - NÚMERO DE LA CLASIFICACIÓN DECIMAL UNIVERSAL | |
| Número de la Clasificación Decimal Universal | 929 Sanromá, Joaquín María |
| 100 1# - ENTRADA PRINCIPAL--NOMBRE DE PERSONA | |
| Nombre de persona | Sanromá, Joaquín María, |
| Fechas asociadas al nombre | 1828-1895 |
| 9 (RLIN) | 103198 |
| 245 10 - MENCIÓN DEL TÍTULO | |
| Título | Mis memorias / |
| Mención de responsabilidad, etc. | Joaquín María de Sanromá. |
| 260 ## - PUBLICACIÓN, DISTRIBUCIÓN, ETC. | |
| Lugar de publicación, distribución, etc. | Madrid : |
| Nombre del editor, distribuidor, etc. | [s.n.], |
| Fecha de publicación, distribución, etc. | 1887-1894 ( |
| Fabricante | Tip. de Manuel G. Hernández) |
| 300 ## - DESCRIPCIÓN FÍSICA | |
| Extensión | 2 v. ; |
| Dimensiones | 24 cm. |
| 505 8# - NOTA DE CONTENIDO CON FORMATO | |
| Nota de contenido con formato | Contiene: v. 1. 1828-1852 ([4], 446, [2] p. en bl.) -- v. 2. 1852-1868 (430, [5] p.) |
| 505 8# - NOTA DE CONTENIDO CON FORMATO | |
| Nota de contenido con formato | En v. 2: ; |
| Título | Páginas del antiguo Ateneo de Madrid( |
| Información miscelánea | , p. 175-183) |
| 510 4# - NOTA DE CITAS O REFERENCIAS BIBLIOGRÁFICAS | |
| Nombre de la fuente | PALAU, |
| Localización dentro de la fuente | 297529 |
| 530 ## - NOTA DISPONIBLE DE FORMULARIO FÍSICO ADICIONAL | |
| Nota de formato físico adicional disponible | Disponible en formato digital. |
| 600 14 - PUNTO DE ACCESO ADICIONAL DE MATERIA--NOMBRE DE PERSONA | |
| Nombre de persona | Sanromá, Joaquín María, |
| Fechas asociadas al nombre | 1828-1895 |
| 9 (RLIN) | 103198 |
| 610 24 - PUNTO DE ACCESO ADICIONAL DE MATERIA--NOMBRE DE ENTIDAD CORPORATIVA | |
| Nombre de entidad corporativa o nombre de jurisdicción como elemento de entrada | Ateneo de Madrid- |
| Subdivisión de forma | Historia- |
| -- | Relatos personales |
| 9 (RLIN) | 1926 |
| 852 ## - LOCALIZACIÓN | |
| Ubicación | ES-MaACL |
| Número de control de estantería | G-5943-44 |
| Nota libre | - Rust. |
| 856 ## - LOCALIZACIÓN Y ACCESO ELECTRÓNICOS | |
| Identificador Uniforme de Recursos | <a href="http://bdh-rd.bne.es/viewer.vm?id=0000099999&page=1 ">http://bdh-rd.bne.es/viewer.vm?id=0000099999&page=1 </a> |
| Nota pública | Biblioteca Digital Hispánica |
| Estatus retirado | Estado de pérdida | Estado de daño | No para préstamo | Colección | Biblioteca de origen | Biblioteca actual | Ubicación en estantería | Fecha de adquisición | Total de préstamos | Signatura topográfica completa | Código de barras | Visto por última vez | Precio de reemplazo | Tipo de ítem Koha |
|---|---|---|---|---|---|---|---|---|---|---|---|---|---|---|
| Colección digital | Biblioteca del Ateneo de Madrid | Biblioteca del Ateneo de Madrid | Depósito 2 | 17/01/2008 | G-5943-44 | 1172670 | 23/02/2023 | 23/02/2023 | Libro impreso antiguo |
